[Event "GER-chT U16"]
[Site "Bingen"]
[Date "2008.12.29"]
[Round "6.2"]
[White "Hoeger, Philipp"]
[Black "Nguyen Minh, Thuy"]
[Result "0-1"]
[WhiteElo "1743"]
[BlackElo "1841"]
[PlyCount "54"]
[EventDate "2008.12.27"]
[EventType "team-swiss"]
[EventRounds "7"]
[EventCountry "GER"]
[SourceTitle "EXT 2010"]
[Source "ChessBase"]
[SourceDate "2010.11.25"]
[SourceVersion "1"]
[SourceVersionDate "2010.11.25"]
[SourceQuality "1"]
[WhiteTeam "Kiel Meerbauer U16"]
[BlackTeam "Chemnitz USG U16"]
[WhiteTeamCountry "GER"]
[BlackTeamCountry "GER"]

1. c4 Nf6 2. Nc3 e6 3. g3 Be7 4. Bg2 0-0 5. e4 d6 6. Nge2 c5 7. 0-0 Nfd7 8. Rb1 Nc6 9. d3 Nb6 10. f4 f5 11. b3 Qe8 12. Bb2 Qg6 13. a3 Bd7 14. d4 cxd4 15. Nxd4 Rac8 16. Re1 Nxd4 17. Qxd4 d5 18. exf5 Rxf5 19. Qd1 Bc5+ 20. Kh1 Rh5 21. g4 Rh4 22. h3 h5 23. gxh5 Qg3 24. Re2 e5 25. Bxd5+ Nxd5 26. Qxd5+ Kh8 27. Qxd7 Rxh3+ 0-1

[Event "GER-chT U16"]
[Site "Bingen"]
[Date "2008.12.28"]
[Round "4.2"]
[White "Schwarzat, Julian"]
[Black "Hoeger, Philipp"]
[Result "1-0"]
[WhiteElo "1951"]
[BlackElo "1743"]
[PlyCount "46"]
[EventDate "2008.12.27"]
[EventType "team-swiss"]
[EventRounds "7"]
[EventCountry "GER"]
[SourceTitle "EXT 2010"]
[Source "ChessBase"]
[SourceDate "2010.11.25"]
[SourceVersion "1"]
[SourceVersionDate "2010.11.25"]
[SourceQuality "1"]
[WhiteTeam "Segeberg SF U16"]
[BlackTeam "Kiel Meerbauer U16"]
[WhiteTeamCountry "GER"]
[BlackTeamCountry "GER"]

1. e4 c5 2. Nf3 d6 3. d4 cxd4 4. Nxd4 Nf6 5. Nc3 g6 6. Be3 Bg7 7. f3 0-0 8. Qd2 Nc6 9. 0-0-0 d5 10. Qe1 e5 11. Nxc6 bxc6 12. exd5 cxd5 13. Bg5 d4 14. Ne4 Rb8 15. b3 Bf5 16. Qh4 Bxe4 17. fxe4 Qb6 18. Bc4 h6 19. Bxh6 Bxh6+ 20. Qxh6 Nxe4 21. Rd3 Rfd8 22. Rf1 Rd7 23. Rh3 Qf6 1-0

[Event "GER-chT U16"]
[Site "Bingen"]
[Date "2008.12.27"]
[Round "1.2"]
[White "Kartsev, Alexandr"]
[Black "Hoeger, Philipp"]
[Result "1-0"]
[WhiteElo "2033"]
[BlackElo "1743"]
[PlyCount "79"]
[EventDate "2008.12.27"]
[EventType "team-swiss"]
[EventRounds "7"]
[EventCountry "GER"]
[SourceTitle "EXT 2010"]
[Source "ChessBase"]
[SourceDate "2010.11.25"]
[SourceVersion "1"]
[SourceVersionDate "2010.11.25"]
[SourceQuality "1"]
[WhiteTeam "Brackel SF U16"]
[BlackTeam "Kiel Meerbauer U16"]
[WhiteTeamCountry "GER"]
[BlackTeamCountry "GER"]

1. e4 c5 2. c3 Nf6 3. e5 Nd5 4. d4 cxd4 5. Qxd4 e6 6. Nf3 Nc6 7. Qe4 d6 8. Bb5 Bd7 9. c4 Nc7 10. Bg5 Qc8 11. exd6 Bxd6 12. 0-0 f6 13. Be3 0-0 14. Rd1 Be7 15. Nbd2 Rd8 16. Nf1 Be8 17. Ba4 Bg6 18. Qg4 f5 19. Qg3 Bf6 20. Rxd8+ Qxd8 21. Rd1 Qe7 22. Bxc6 bxc6 23. Bf4 Na6 24. Bd6 Qb7 25. b3 Rd8 26. Ne5 Bh5 27. Rd2 h6 28. c5 Bg5 29. f4 Bf6 30. Qe3 Nb4 31. a3 Nd5 32. Qg3 Nxf4 33. Qxf4 Bg5 34. Qc4 Bxd2 35. Qxe6+ Kh8 36. Nxd2 Qa6 37. Ndc4 Qb7 38. Qxf5 Qxb3 39. Qxh5 Qd1+ 40. Qxd1 1-0

[Event "GER North-chT U16"]
[Site "Verden an der Aller"]
[Date "2008.09.13"]
[Round "3.2"]
[White "Hoeger, Philipp"]
[Black "Bor, Tobias"]
[Result "0-1"]
[WhiteElo "1751"]
[BlackElo "1914"]
[PlyCount "62"]
[EventDate "2008.09.12"]
[EventType "team-swiss"]
[EventRounds "6"]
[EventCountry "GER"]
[SourceTitle "EXT 2011"]
[Source "ChessBase"]
[SourceDate "2010.11.26"]
[SourceVersion "1"]
[SourceVersionDate "2010.11.26"]
[SourceQuality "1"]
[WhiteTeam "Kiel Meerbauer"]
[BlackTeam "Nordhorn Blanke U16"]
[WhiteTeamCountry "GER"]
[BlackTeamCountry "GER"]

1. c4 e6 2. Nc3 Nf6 3. g3 Be7 4. Bg2 0-0 5. Nf3 d5 6. cxd5 exd5 7. d4 c6 8. 0-0 Nbd7 9. a3 Nb6 10. Re1 Re8 11. b3 Bd6 12. Qc2 h6 13. Nd2 Be6 14. Bb2 Qc7 15. e3 Rad8 16. Rec1 a6 17. Rd1 Nc8 18. Bf1 Ne7 19. Bd3 h5 20. Nf3 Bg4 21. Be2 Ng6 22. Ne1 h4 23. Bxg4 Nxg4 24. Qf5 Nh6 25. Qh3 Qe7 26. Rd3 Qf6 27. Ne2 Re4 28. Rc1 Rde8 29. Rcc3 Ng4 30. Bc1 Qxf2+ 31. Kh1 Qxe1+ 0-1

[Event "GER North-chT U16"]
[Site "Verden an der Aller"]
[Date "2008.09.12"]
[Round "1.2"]
[White "Trumpa, Jan"]
[Black "Hoeger, Philipp"]
[Result "0-1"]
[WhiteElo "1617"]
[BlackElo "1751"]
[PlyCount "104"]
[EventDate "2008.09.12"]
[EventType "team-swiss"]
[EventRounds "6"]
[EventCountry "GER"]
[SourceTitle "EXT 2011"]
[Source "ChessBase"]
[SourceDate "2010.11.26"]
[SourceVersion "1"]
[SourceVersionDate "2010.11.26"]
[SourceQuality "1"]
[WhiteTeam "Stade"]
[BlackTeam "Kiel Meerbauer"]
[WhiteTeamCountry "GER"]
[BlackTeamCountry "GER"]

1. e4 c5 2. Nf3 d6 3. d4 cxd4 4. Nxd4 Nf6 5. Nc3 g6 6. Bb5+ Nbd7 7. a4 Bg7 8. 0-0 0-0 9. f4 Qb6 10. Be3 a6 11. a5 Qd8 12. Bd3 Nc5 13. h3 Nxd3 14. cxd3 Nd7 15. f5 Ne5 16. fxg6 hxg6 17. Nf3 Nd7 18. Qd2 Nc5 19. Ra3 Rb8 20. b4 Nd7 21. b5 axb5 22. Nxb5 Ra8 23. Qa2 Nc5 24. Nbd4 b6 25. Ng5 e6 26. axb6 Rxa3 27. Qxa3 Bxd4 28. Bxd4 Qxg5 29. Ra1 Bb7 30. Qc3 Rc8 31. Rc1 e5 32. Bf2 Qd8 33. Qd2 Qxb6 34. Rf1 Qd8 35. Qb4 Ba6 36. Bxc5 Rxc5 37. Qb3 Qc7 38. Rf3 Rc3 39. Qa4 Rc6 40. Qa2 Bc8 41. Qd2 Ra6 42. Qg5 Be6 43. h4 Ra8 44. h5 Qd8 45. Rf6 Kg7 46. h6+ Kh7 47. Kh2 Qf8 48. Rf2 Qxh6+ 49. Qxh6+ Kxh6 50. Rb2 Ra3 51. Rd2 Kg5 52. Kg3 Bc4 0-1

[Event "Schleswig Holstein-ch U16 MT"]
[Site "Neumuenster"]
[Date "2008.03.29"]
[Round "8"]
[White "Hoeger, Philipp"]
[Black "Schwarzat, Julian"]
[Result "1/2-1/2"]
[WhiteElo "1539"]
[BlackElo "1931"]
[PlyCount "89"]
[EventDate "2008.03.24"]
[EventType "tourn"]
[EventRounds "9"]
[EventCountry "GER"]
[SourceTitle "EXT 2009"]
[Source "ChessBase"]
[SourceDate "2008.11.26"]
[SourceVersion "1"]
[SourceVersionDate "2008.11.26"]
[SourceQuality "1"]

1. c4 c6 2. Nc3 d5 3. cxd5 cxd5 4. d4 Nf6 5. Nf3 e6 6. Bf4 Bd6 7. e3 Nc6 8. Bd3 0-0 9. 0-0 a6 10. a3 b5 11. b4 Qc7 12. Bxd6 Qxd6 13. Qc2 Bb7 14. Rac1 e5 15. dxe5 Nxe5 16. Nxe5 Qxe5 17. Bf5 Bc8 18. Bxc8 Raxc8 19. Qd2 Rc4 20. Ne2 Ne4 21. Qd1 Rfc8 22. Qe1 Qb2 23. Rxc4 dxc4 24. f3 Nd2 25. Rf2 c3 26. Nxc3 Nxf3+ 27. gxf3 Qxc3 28. Qxc3 Rxc3 29. Rd2 g6 30. Kf2 Rxa3 31. Rb2 Kf8 32. f4 f5 33. Kf3 Ke7 34. Rc2 Kd6 35. Rc8 Ra2 36. h4 Ra4 37. Rh8 Rxb4 38. Rxh7 Ke6 39. Rh6 Kf7 40. h5 gxh5 41. Rxa6 Kg7 42. Ra7+ Kg6 43. Ra6+ Kg7 44. Ra7+ Kg6 45. Ra6+ 1/2-1/2

[Event "Schleswig Holstein-ch U16 MT"]
[Site "Neumuenster"]
[Date "2008.03.27"]
[Round "6"]
[White "Hoeger, Philipp"]
[Black "Neitzel, Mirko"]
[Result "0-1"]
[WhiteElo "1539"]
[BlackElo "1633"]
[PlyCount "81"]
[EventDate "2008.03.24"]
[EventType "tourn"]
[EventRounds "9"]
[EventCountry "GER"]
[SourceTitle "EXT 2009"]
[Source "ChessBase"]
[SourceDate "2008.11.26"]
[SourceVersion "1"]
[SourceVersionDate "2008.11.26"]
[SourceQuality "1"]

1. c4 c5 2. g3 Nc6 3. Bg2 g6 4. Nc3 Bg7 5. a3 a5 6. d3 e5 7. e4 Nge7 8. Nge2 0-0 9. 0-0 d6 10. Rb1 Bg4 11. Re1 Bxe2 12. Rxe2 Nd4 13. Re1 Nec6 14. Bd2 f5 15. exf5 Nxf5 16. Na4 Nfd4 17. b4 axb4 18. axb4 cxb4 19. Bxb4 Nxb4 20. Rxb4 Qa5 21. Qb1 Nc2 22. Nb6 Qxb4 23. Qxb4 Nxb4 24. Nxa8 Rxa8 25. Bxb7 Nxd3 26. Rd1 Ra3 27. Be4 Nc5 28. Bd5+ Kf8 29. Rb1 e4 30. Re1 Ra1 31. Rxa1 Bxa1 32. Kf1 Ke7 33. Ke2 Bd4 34. g4 Kf6 35. h4 Ke5 36. g5 Ne6 37. Bc6 Nf4+ 38. Kf1 Nd3 39. Bd5 Bxf2 40. h5 gxh5 41. Bg8 0-1

[Event "Schleswig Holstein-ch U16 MT"]
[Site "Neumuenster"]
[Date "2008.03.27"]
[Round "5"]
[White "Huhnstock, Rico"]
[Black "Hoeger, Philipp"]
[Result "1-0"]
[WhiteElo "1856"]
[BlackElo "1539"]
[PlyCount "46"]
[EventDate "2008.03.24"]
[EventType "tourn"]
[EventRounds "9"]
[EventCountry "GER"]
[SourceTitle "EXT 2009"]
[Source "ChessBase"]
[SourceDate "2008.11.26"]
[SourceVersion "1"]
[SourceVersionDate "2008.11.26"]
[SourceQuality "1"]

1. e4 c5 2. Nf3 e6 3. d4 cxd4 4. Nxd4 a6 5. c4 Qc7 6. Nc3 Nf6 7. Bd3 d6 8. 0-0 Be7 9. Be3 0-0 10. f4 Nbd7 11. Rc1 b6 12. f5 Nc5 13. Bb1 Bb7 14. b4 e5 15. bxc5 exd4 16. cxb6 Qxb6 17. Bxd4 Qa5 18. Nd5 Bxd5 19. exd5 Bd8 20. Kh1 Rb8 21. g4 Nd7 22. f6 Bxf6 23. Qd3 Rfe8 1-0

[Event "Schleswig Holstein-ch U16 MT"]
[Site "Neumuenster"]
[Date "2008.03.25"]
[Round "2"]
[White "Hoeger, Philipp"]
[Black "Nonnenmacher, Lars"]
[Result "1/2-1/2"]
[WhiteElo "1539"]
[BlackElo "1476"]
[PlyCount "61"]
[EventDate "2008.03.24"]
[EventType "tourn"]
[EventRounds "9"]
[EventCountry "GER"]
[SourceTitle "EXT 2009"]
[Source "ChessBase"]
[SourceDate "2008.11.26"]
[SourceVersion "1"]
[SourceVersionDate "2008.11.26"]
[SourceQuality "1"]

1. c4 e5 2. Nc3 Nf6 3. g3 d5 4. cxd5 Nxd5 5. Bg2 Nb6 6. Nf3 Nc6 7. 0-0 Be7 8. a3 a5 9. b3 0-0 10. Bb2 Be6 11. Qc2 f6 12. e3 Qe8 13. Nb5 Nb4 14. axb4 Qxb5 15. bxa5 Bxb3 16. Qxc7 Nd5 17. Qc1 Rxa5 18. Rxa5 Qxa5 19. d4 Nb4 20. dxe5 Nd3 21. Qb1 Bc4 22. exf6 Bxf6 23. Bxf6 Rxf6 24. Qxb7 Nc5 25. Qc8+ Rf8 26. Qg4 Bxf1 27. Bxf1 Kh8 28. Ne5 Qe1 29. Nf7+ Kg8 30. Nh6+ Kh8 31. Nf5 1/2-1/2

[Event "Schleswig Holstein-ch U16 MT"]
[Site "Neumuenster"]
[Date "2008.03.25"]
[Round "3"]
[White "Lohrie, Christian"]
[Black "Hoeger, Philipp"]
[Result "1/2-1/2"]
[WhiteElo "1440"]
[BlackElo "1539"]
[PlyCount "41"]
[EventDate "2008.03.24"]
[EventType "tourn"]
[EventRounds "9"]
[EventCountry "GER"]
[SourceTitle "EXT 2009"]
[Source "ChessBase"]
[SourceDate "2008.11.26"]
[SourceVersion "1"]
[SourceVersionDate "2008.11.26"]
[SourceQuality "1"]

1. e4 e5 2. Nf3 d6 3. d4 exd4 4. Nxd4 Nf6 5. Nc3 g6 6. Be3 Bg7 7. f3 0-0 8. Qd2 Nc6 9. 0-0-0 d5 10. exd5 Nxd5 11. Nxd5 Qxd5 12. Nb3 Qxd2+ 13. Rxd2 Bf5 14. a3 Rad8 15. Bd3 Bxd3 16. Rxd3 Ne5 17. Rdd1 Nc4 18. Bd4 Bh6+ 19. Kb1 b6 20. Rhe1 Rfe8 21. Bf2 1/2-1/2

[Event "Schleswig Holstein-ch U16 MT"]
[Site "Neumuenster"]
[Date "2008.03.24"]
[Round "1"]
[White "Hoeger, Philipp"]
[Black "Hoeger, Bastian"]
[Result "1/2-1/2"]
[WhiteElo "1539"]
[BlackElo "1684"]
[PlyCount "21"]
[EventDate "2008.03.24"]
[EventType "tourn"]
[EventRounds "9"]
[EventCountry "GER"]
[SourceTitle "EXT 2009"]
[Source "ChessBase"]
[SourceDate "2008.11.26"]
[SourceVersion "1"]
[SourceVersionDate "2008.11.26"]
[SourceQuality "1"]

1. d4 d5 2. e3 c6 3. Nf3 Nd7 4. c3 Ngf6 5. Bd3 e6 6. 0-0 Bd6 7. Re1 0-0 8. Nbd2 Qc7 9. Qe2 Re8 10. e4 dxe4 11. Nxe4 1/2-1/2

[Event "Kieler Cup U14"]
[Site "Kiel"]
[Date "2007.10.19"]
[Round "4"]
[White "Bogs, Christian"]
[Black "Hoeger, Philipp"]
[Result "0-1"]
[WhiteElo "1598"]
[BlackElo "1406"]
[PlyCount "46"]
[EventDate "2007.10.18"]
[EventType "swiss"]
[EventRounds "7"]
[EventCountry "GER"]
[SourceTitle "EXT 2010"]
[Source "ChessBase"]
[SourceDate "2010.11.25"]
[SourceVersion "1"]
[SourceVersionDate "2010.11.25"]
[SourceQuality "1"]

1. e4 c5 2. Nf3 d6 3. d4 cxd4 4. Nxd4 Nf6 5. Nc3 g6 6. f3 Bg7 7. Be3 0-0 8. Qd2 Nc6 9. Be2 a6 10. g4 Nxd4 11. Bxd4 Be6 12. h4 Qa5 13. Be3 b5 14. h5 Rfc8 15. hxg6 fxg6 16. g5 Nh5 17. Bd4 Bxd4 18. Qxd4 b4 19. Nd5 Bxd5 20. exd5 Rxc2 21. Qe4 b3+ 22. Kf2 Qc5+ 23. Kg2 Rxe2+ 0-1

[Event "GER-chT WK 3 U16"]
[Site "Kiel"]
[Date "2007.05.17"]
[Round "2.3"]
[White "Hoeger, Philipp"]
[Black "Bonner, Christian"]
[Result "1-0"]
[WhiteElo "1424"]
[BlackElo "1028"]
[PlyCount "81"]
[EventDate "2007.05.17"]
[EventType "team-swiss"]
[EventRounds "7"]
[EventCountry "GER"]
[SourceTitle "EXT 2008"]
[Source "ChessBase"]
[SourceDate "2007.11.25"]
[SourceVersion "1"]
[SourceVersionDate "2007.11.25"]
[SourceQuality "1"]

1. c4 e5 2. Nc3 Bc5 3. g3 Nc6 4. Bg2 Nf6 5. d3 h6 6. Nf3 d6 7. 0-0 Be6 8. a3 a6 9. b4 Ba7 10. b5 axb5 11. cxb5 Nd4 12. Nxd4 Bxd4 13. Bd2 Rb8 14. a4 0-0 15. Rb1 b6 16. e3 Bxc3 17. Bxc3 Qd7 18. Qc2 Bh3 19. Rfc1 Bxg2 20. Kxg2 c6 21. d4 cxb5 22. axb5 exd4 23. Bxd4 Qb7+ 24. Kg1 Ng4 25. Qc6 Qe7 26. Qf3 Ne5 27. Qe4 Rfe8 28. Rc3 Qg5 29. Qg2 Qh5 30. Bxe5 Qxe5 31. Rc6 Qf5 32. Qf1 d5 33. Rd1 Red8 34. Rd4 Rdc8 35. Qd1 Rxc6 36. bxc6 Qc8 37. Qc2 Kf8 38. Rxd5 Qa6 39. c7 Qb7 40. Rd8+ Rxd8 41. cxd8Q# 1-0

[Event "GER-chT WK 3 U16"]
[Site "Kiel"]
[Date "2007.05.17"]
[Round "5.3"]
[White "Paris, Giorgio"]
[Black "Hoeger, Philipp"]
[Result "1/2-1/2"]
[WhiteElo "1212"]
[BlackElo "1424"]
[PlyCount "95"]
[EventDate "2007.05.17"]
[EventType "team-swiss"]
[EventRounds "7"]
[EventCountry "GER"]
[SourceTitle "EXT 2008"]
[Source "ChessBase"]
[SourceDate "2007.11.25"]
[SourceVersion "1"]
[SourceVersionDate "2007.11.25"]
[SourceQuality "1"]

1. d4 d5 2. Nf3 e6 3. c3 Bd6 4. Bg5 Nf6 5. e3 0-0 6. Bd3 Nbd7 7. Qc2 h6 8. Bh4 c5 9. Nbd2 c4 10. Be2 Qc7 11. h3 b5 12. a3 Rb8 13. Bxf6 Nxf6 14. g4 Nd7 15. g5 h5 16. Nh4 Be7 17. f4 Bxg5 18. Nhf3 Be7 19. Rg1 a5 20. Ng5 Bxg5 21. Rxg5 Nf6 22. Bxh5 Nxh5 23. Rxh5 g6 24. Rg5 Kg7 25. Kf2 Rh8 26. Rh1 Bd7 27. Nf3 Rh6 28. Ne5 Rbh8 29. Kg2 Be8 30. Rg3 Qb7 31. Nf3 b4 32. axb4 axb4 33. Ra1 b3 34. Qd1 Bd7 35. Ne5 f6 36. Nxd7 Qxd7 37. Ra6 f5 38. Qa1 Kf6 39. Ra7 Qe8 40. Qa5 R8h7 41. Ra8 Qd7 42. Rf8+ Rf7 43. Rxf7+ Qxf7 44. Qd8+ Kg7 45. Qa5 Rh8 46. Kh2 Qb7 47. Qa1 Kf6 48. Qg1 1/2-1/2

[Event "Kiel op-B 19th"]
[Site "Kiel"]
[Date "2006.07.27"]
[Round "8"]
[White "Hoeger, Philipp"]
[Black "Brockmann, Werner"]
[Result "0-1"]
[WhiteElo "1451"]
[BlackElo "1537"]
[PlyCount "50"]
[EventDate "2006.07.22"]
[EventType "swiss"]
[EventRounds "9"]
[EventCountry "GER"]
[SourceTitle "CBM 113 Extra"]
[Source "ChessBase"]
[SourceDate "2006.09.14"]
[SourceVersion "1"]
[SourceVersionDate "2006.09.14"]
[SourceQuality "1"]

1. c4 e6 2. Nc3 c6 3. g3 d5 4. cxd5 exd5 5. Nf3 Bd6 6. Bg2 f5 7. 0-0 Nf6 8. d4 Ne4 9. Nxe4 fxe4 10. Ng5 0-0 11. a3 Bf5 12. b4 Qd7 13. f3 exf3 14. Nxf3 Bh3 15. Qb3 Bxg2 16. Kxg2 Qg4 17. b5 Nd7 18. bxc6 bxc6 19. Qa4 c5 20. Qc6 Qe6 21. Ng5 Qxe2+ 22. Rf2 Qxf2+ 23. Kh3 Qf5+ 24. Kg2 Be7 25. Ne6 Qf1# 0-1

[Event "GER-chT U12"]
[Site "Verden"]
[Date "2005.12.29"]
[Round "6.1"]
[White "Neukoetter, Moritz"]
[Black "Hoeger, Philipp"]
[Result "1-0"]
[WhiteElo "1337"]
[BlackElo "1135"]
[PlyCount "79"]
[EventDate "2005.12.27"]
[EventType "team-swiss"]
[EventRounds "7"]
[EventCountry "GER"]
[SourceTitle "CBM 110 Extra"]
[Source "ChessBase"]
[SourceDate "2006.03.10"]
[SourceVersion "2"]
[SourceVersionDate "2006.03.10"]
[SourceQuality "1"]

1. e4 c5 2. Nc3 d6 3. g3 Nf6 4. Bg2 g6 5. d3 Bg7 6. Be3 0-0 7. Qc1 Nc6 8. Bh6 Rb8 9. Nd5 Nxd5 10. exd5 Ne5 11. h4 Ng4 12. Bxg7 Kxg7 13. h5 b5 14. f3 Nf6 15. g4 Bb7 16. hxg6 fxg6 17. Qh6+ Kg8 18. g5 Nh5 19. Ne2 Rf7 20. f4 Qf8 21. Be4 Qxh6 22. gxh6 Nxf4 23. Nxf4 Rxf4 24. 0-0-0 Rbf8 25. Rdg1 R8f6 26. a3 c4 27. Kd2 cxd3 28. Kxd3 Ba6 29. Kd4 Rf2 30. Rg3 e5+ 31. dxe6 Kf8 32. Bxg6 Bb7 33. Rh4 Rxe6 34. Bxh7 Rd2+ 35. Kc3 Rd5 36. Rf4+ Ke8 37. Rg8+ Kd7 38. Bf5 Rc5+ 39. Kb4 Rxc2 40. Bxc2 1-0